| 000 | 00762nam a2200193 4500 | ||
|---|---|---|---|
| 003 | CO-ViMGA | ||
| 020 | _a9789587753073 | ||
| 040 |
_aCO-ViMGA _bspa _cCO-ViMGA |
||
| 082 | 0 | 4 |
_a616 _bS88a |
| 100 | 1 |
_aSaavedra Trujillo, Carlos Alberto _d1967 _94202 |
|
| 245 | 1 | 0 |
_aAcercamiento a la Patología del Paciente _bUn abordaje desde la historia clínica orientada por problemas y por la medicina basada en la evidencia. _cCarlos Humberto, Saavedra Trujillo |
| 260 |
_aColombia _bUniversidad Nacional de Colombia_Facultad de medicina _c2015 |
||
| 300 |
_a240 _bil. ; 24 cms |
||
| 490 | _aMedicina Clinica | ||
| 500 | _aReferencias bibliografias | ||
| 504 | _aIncluye bibliografia | ||
| 650 | 1 | 4 |
_aHistorias Clinicas _vMedicina basada en evidencia _94203 |
| 942 |
_cBK _2ddc |
||
| 999 |
_c35696 _d35696 |
||